000 00661nam a22001935i 4500
001 54890
003 ES-MaACL
005 20260201063014.0
007 t|
008 960730s1859 fr a ||||1| fre d
040 _aCAM
_bspa
_cCAM
100 1 _aGanot, Adolphe,
_d1804-1887
_953876
245 1 0 _aTraité élémentaire de physique expérimentale et appliquée et de météorologie, suivi d'un recueil nombreux de problèmes ... /
_cpar A. Ganot.
250 _a8e éd.
260 _aParis :
_bchez l'auteur-éditeur,
_c1859 (
_fImprimerie de J. Clave)
300 _a824 p. :
_bil. ;
_c18 cm.
852 _aES-MaACL
_jC-3507
999 _c54890
_d54890